| Tag |
First Indicator |
Second Indicator |
Subfields |
| LEADER |
00000cam a2200000 4500 |
| 001 |
in00001094821 |
| 005 |
20150929184550.0 |
| 008 |
840312s1954 gw ac 000 0 ger c |
| 010 |
|
|
|a a 56002382
|
| 035 |
|
|
|a (OCoLC)10512953
|
| 035 |
|
|
|9 AFS4336AM
|
| 040 |
|
|
|a Harvard Univ. Library
|c CLA
|d m/c
|d TXA
|d UtOrBLW
|
| 049 |
|
|
|a TXAM
|
| 050 |
0 |
0 |
|a DD247.E2
|b P4 1954
|
| 100 |
1 |
|
|a Peters, Max,
|d 1887-
|
| 245 |
1 |
0 |
|a Friedrich Ebert :
|b erster präsident der deutschen republik ; sein Werden und Wirken /
|c dargestellt von Max Peters ; [mit einem Anhang: Theodor Heuss, Friedrich Ebert zum Gedächtnis.].
|
| 250 |
|
|
|a 2., veränderte Aufl.].
|
| 264 |
|
1 |
|a Berlin :
|b Arani,
|c [1954]
|
| 264 |
|
4 |
|c [©1954]
|
| 300 |
|
|
|a 178 pages :
|b illustrations, portraits ;
|c 20 cm.
|
| 336 |
|
|
|a text
|b txt
|2 rdacontent
|
| 337 |
|
|
|a unmediated
|b n
|2 rdamedia
|
| 338 |
|
|
|a volume
|b nc
|2 rdacarrier
|
| 600 |
1 |
0 |
|a Ebert, Friedrich,
|d 1871-1925.
|
| 999 |
|
|
|a MARS
|
| 999 |
f |
f |
|s 91df72f6-0a9d-3ec9-97c8-4447242e5c6d
|i 87867410-8386-3b2f-8e54-86318771f593
|t 0
|
| 952 |
f |
f |
|p ric
|a Texas A&M University
|b Rellis Campus
|c Joint Library Facility
|d Remote Storage
|t 0
|e DD247.E2 P4 1954
|h Library of Congress classification
|i unmediated -- volume
|m A14816580277
|
| 998 |
f |
f |
|a DD247.E2 P4 1954
|t 0
|l Remote Storage
|